Statistics for Country Singer By Clue

Click here to take the quiz!

General Stats

  • This quiz has been taken 14 times
  • The average score is 8 of 15

Answer Stats

HintAnswer% Correct
Transitions from country to hip-hop and is one of the largest female singer in the decade.Taylor Swift
90%
Largest female country singer of all time and is also a successful actor. She was born in Tennessee.Dolly Parton
70%
This man has friends in very low places and is known for adding a bit of rock into modern country music.Garth Brooks
60%
A new generation star that made the mullet in style.Morgan Wallen
60%
His blonde mullet and stache amazed young women in the late 90's and early 2000's.Alan Jackson
50%
People Really are crazy. His single "People Are Crazy" topped the Country charts at #1 for two weeks.Billy Currington
50%
Was married to Miranda Lambert and is now married to a famous pop singer.Blake Shelton
50%
A predominant female singer who has brand deals with the NFL.Carie Underwood
50%
A famous country singer since 2005 and released singles such as "Dirt-Road Anthem" and "Big Green-Tractor".Jason Aldean
50%
One of the largest male singers in the past decade with many CMA award's and singles such as " Better Together" and "Lovin On you".Luke Combs
50%
One of the only Canadian country singers.Shania Twain
50%
Known for wearing tank tops, white cowboy hats, and boots. He has produced more than 40 top ten singles on the hot country billboard.Kenny Chesney
40%
Born in 1937 and died in 2016 and had multiple number one hits including "Mama Tried" and "Working Man Blues".Merle Haggard
40%
Married another famous country singer who was born in MississippiTim McGraw
40%
This singer began their career songwriting for Travis TrittLuke Bryan
30%

Score Distribution

Percentile by Number Answered

Percent of People with Each Score

Your Score History

You have not taken this quiz